| 000 | 00517nam a2200205Ia 4500 | ||
|---|---|---|---|
| 003 | GCL | ||
| 008 | 140319s9999 xx 000 0 eng d | ||
| 040 |
_aGCL / _cGCL |
||
| 082 | 0 | 4 |
_a177 _bB M |
| 100 | 1 | _aBEYGSON, HENRI | |
| 245 | 1 | 0 |
_aMORALE INDIVIDUALISTE OU MOYALE SOCIALE / _cBEYGSON, HENRI |
| 700 | 1 | _aJEHOUDA, JOSUE | |
| 700 | 1 | _aBARUK, HEMRI | |
| 260 |
_a[S.N] : _bLA COLONNE VENDOME ، _c1950 |
||
| 300 | _a47 P P | ||
| 650 | 0 | 4 | _aPHILOSOPHY |
| 650 | 0 | 4 | _aETHICS |
| 650 | 0 | 4 | _aMORAL |
| 942 |
_2ddc _cBK |
||
| 999 |
_c12138 _d12138 |
||